000 01460nam a2200445 i 4500
001 2812
003 KOSZ 005
005 20200416141153.0
008 981103s1986 pl a |000 0 pol
015 _aUWD 1986/5124
020 _a8302023213
035 _a991007695019705066
035 _a(PL-WaBN)b11994095-48omnis_nlop
035 _ab11994095
035 _a(OCoLC)749784724
035 _a(PL)b0000001199409
035 _a(EXLNZ-48OMNIS_NETWORK)9910377967905606
040 _aWA N
_cWA N
_dKOSZ 005/AR
041 _apol
080 _a52
080 _a371.38
080 _a(076)
080 _a(438)
100 1 _aChrupała, Henryk
_d(1938-2015)
_eAutor
245 1 0 _a25 lat olimpiad astronomicznych /
_cHenryk Chrupała, Marek T. Szczepański.
246 3 _aDwadzieścia pięć lat olimpiad astronomicznych
260 _aWarszawa :
_bWydawnictwa Szkolne i Pedagogiczne,
_c1986
300 _a271, [1] strona, [7] kart map luźnych :
_bilustracje ;
_c25 cm.
380 _aKsiążki
388 _a1901-2000
388 _a1945-1989
650 7 _aAstronomia
_2DBN
655 7 _aĆwiczenia i zadania
_2DBN
658 _aFizyka i astronomia
700 1 _aSzczepański, Marek Tadeusz
710 2 _aWydawnictwa Szkolne i Pedagogiczne
_4pbl
856 _uhttp://koha.tu.koszalin.pl/cgi-bin/koha/opac-detail.pl?biblionumber=2812
_yKatalog online BPK
942 _2UKD
_cKS
999 _c2812
_d2812